01093nam a2200229Ia 4500008004100000020001500041050002000056100002800076245008200104250001800186260009200204300002800296500007500324505026100399650002400660700003000684700002700714700003600741700002800777700002900805700002900834120625s19811987sp 000 0 esp d a847112313414aBF721bN55 19871 aOLERÓN, Pierreeautor13aEl niño b : Su saber y su saber hacerc / Por Pierre Oléron... [et al.]  a2a. edición3 aEspaña a : Madridb: Ediciones Morata b: Ministerio de educacion y culturac , 1987 a311 páginasc; 21 cm. aTraduccion de : savoir et savoir faire psychologiques chez l’enfant  aLos saberes y saber hacer psicológicos Naturales, formas y génesis El conocimiento de los demás Adaptación a las situaciones sociales El desarrollo del conocimiento de sí mismo en el adolescente El conocimiento de los fenómenos psicológicos 10aPSICOLOGIA INFANTIL1 aBeaudichon, Janineeautor1 aCartron, Annickeautor1 aDanset-Leger, Jacquelineeautor1 aNguyen-Xuan, Anheautor1 aMelot, Anne-Marieeautor1 aWinnykamen, Fajdaeautor